Random African Flag to Country - Statistics

General Stats
  • This quiz has been taken 74,135 times
  • The average score is 8 of 10
Answer Stats
Picture Answer % Correct
South Africa
97%
Egypt
96%
Morocco
95%
Kenya
94%
Nigeria
94%
Algeria
93%
Ivory Coast
93%
Tunisia
93%
Angola
91%
Somalia
91%
Uganda
91%
Liberia
90%
Chad
89%
Ethiopia
88%
Seychelles
88%
D.R. of the Congo
87%
Niger
87%
Libya
86%
Tanzania
86%
Ghana
85%
Botswana
84%
Sudan
84%
Eswatini
83%
Lesotho
82%
Mauritania
82%
Mozambique
82%
Zambia
82%
Madagascar
81%
Senegal
81%
Cameroon
80%
Malawi
80%
Burundi
79%
Cape Verde
79%
Zimbabwe
79%
Central African Republic
78%
Eritrea
77%
South Sudan
77%
Burkina Faso
76%
Comoros
76%
Togo
75%
Gabon
74%
Djibouti
73%
Mali
73%
Rwanda
72%
Benin
71%
Namibia
71%
Sierra Leone
71%
Mauritius
69%
Sao Tome and Principe
69%
Rep. of the Congo
68%
Equatorial Guinea
67%
Gambia
67%
Guinea
64%
Guinea-Bissau
61%
No matching quizzes found
Score Distribution
Percent of People with Each Score
Percentile by Number Answered
Your Score History
You have not taken this quiz